Govt. of
Madhya Pradesh

The Story of Hanuman (Record no. 68445)

MARC details
000 -LEADER
fixed length control field 00243nam a22001097a 4500
082 ## - DEWEY DECIMAL CLASSIFICATION NUMBER
Classification number 741.642
100 ## - MAIN ENTRY--AUTHOR NAME
Personal name Dayal.Mala
245 ## - TITLE STATEMENT
Title The Story of Hanuman
260 ## - PUBLICATION, DISTRIBUTION, ETC. (IMPRINT)
Place of publication New Delhi
Name of publisher Red Turtle Rupa
Year of publication 2016
650 ## - SUBJECT ADDED ENTRY--TOPICAL TERM
Topical Term children
942 ## - ADDED ENTRY ELEMENTS (KOHA)
Koha item type Books
Holdings
Withdrawn status Lost status Damaged status Not for loan Home library Current library Date acquired Cost, normal purchase price Full call number Accession Number Price effective from Koha item type
        MACL MACL 14/11/2025 395.00 741.642 CRE001913 14/11/2025 Books